00825cam a22002291a 4500001001300000003000400013005001700017008004100034010001700075035001900092040001700111042001200128043001200140050002000152100002500172245003800197260007700235300005700312490009400369650003700463830009500500sa 66005093 DLC20260227112247.0810130s1965 ii abc 000 0 eng  asa 66005093  a(OCoLC)7093608 aDLCcIUdDLC apremarc aa-ja---00aLA1311.82b.N381 aNayar, D. P.,d1918-10aEducation in Japan /bD.P. Nayar. aNew Delhi :bNational Council of Educational Research & Training,c1965. avi, 31 p., :bill. (part col.) map, ports. ;c24 cm.1 aComparative education series / National Council of Educational Research and Training ;v1 0aEducationzJapanxHistoryy1945- 0aComparative education series (National Council of Educational Research and Training) ;v1.